| 000 | 005600000a22001810004500 | ||
|---|---|---|---|
| 003 | MACL | ||
| 005 | 20160120141001.0 | ||
| 008 | 160120b xxu||||| |||| 00| 0 eng d | ||
| 040 |
_aMACL _cMACL |
||
| 041 | _aHindi | ||
| 082 | _a001/AGR | ||
| 100 |
_aआर सी अग्रवाल _933655 |
||
| 245 | _aमध्य प्रदेश सामान्य ज्ञान | ||
| 260 |
_bआनन्द पब्लिशर्स _aग्वालियर |
||
| 350 | _a135 | ||
| 650 |
_aGeneralities _91354 |
||
| 942 |
_cHIN _k001/AGR _2ddc |
||
| 999 |
_c30609 _d30609 |
||